MARC

Tag First Indicator Second Indicator Subfields
LEADER 00000cam a2200000Ka 4500
001 in00002782026
005 20210728124827.0
006 m d
007 cr cnu---unuuu
008 120308s2012 enk ob 001 0 eng d
010 |z  2011044220 
019 |a 787845543 
020 |a 1118321456 (electronic bk.) 
020 |a 1118321472 (electronic bk.) 
020 |a 9781118321454 (electronic bk.) 
020 |a 9781118321478 (electronic bk.) 
020 |z 0470655755 
020 |z 9780470655757 
035 |a (OCoLC)779548707  |z (OCoLC)787845543 
035 |a (OCoLC)ocn779548707 
035 |a 3993456 
040 |a N$T  |c N$T  |d EBLCP  |d E7B  |d UIU  |d YDXCP  |d TXA  |d UtOrBLW 
049 |a TXAM 
050 4 |a RC280.N43  |b N48 2012eb 
060 1 4 |a WL 358 
072 7 |a HEA  |x 039030  |2 bisacsh 
072 7 |a MED  |x 062000  |2 bisacsh 
082 0 4 |a 616.99/481  |2 23 
245 0 0 |a Neuro-oncology /  |c edited by Roger J. Packer, David Schiff. 
250 |a 1st ed. 
264 1 |a Chichester, West Sussex :  |b Wiley-Blackwell,  |c [2012] 
264 4 |c ©2012 
300 |a 1 online resource. 
336 |a text  |b txt  |2 rdacontent 
337 |a computer  |b c  |2 rdamedia 
338 |a online resource  |b cr  |2 rdacarrier 
490 1 |a Neurology in practice 
500 |a Electronic resource. 
504 |a Includes bibliographical references and index. 
505 0 |a Diagnosis of brain tumors : clinical and radiographic / Isabel Arrillaga-Romany, Eudocia Quant Lee, and Patrick Y. Wen -- Epidemiology and etiology / Melissa L. Bondy, Yanhong Liu, and Michael Scheurer -- General aspects of surgery / Brian Williams, Robert Louis, and Mark Shaffrey -- General approach to radiation oncology / Jennifer S. Yu and Daphne Haas-Kogan -- General aspects of chemotherapy including "biologic agents" / Jethro Hu and Santosh Kesari -- Malignant gliomas in adulthood / Michael Ivan, Matthew Tate, and Jennifer Clarke -- LGG and oligodendrogliomas in adulthood / Derek R Johnson and Kurt A. Jaeckle -- Ependymomas / Kanwal P.S. Raghav and Mark Gilbert -- Germ cell tumors and other pineal region tumors / Geneviève Legault and Jeffrey C. Allen -- Sellar tumors : pituitary adenomas and craniopharyngiomas / Robert G. Louis, Robert Dallapiazza, and John Jane Jr -- Meningiomas / Wendy Sherman and Jeffrey Raizer -- Primary central nervous system lymphomas / Jerome Graber and Antonio M.P. Omuro -- Intradural spinal cord tumors / Ben Shofty ... [et al.] -- Gliomas in childhood / Bruce H. Cohen -- Embryonal tumors / Roger J. Packer -- Infantile brain tumors / Alyssa Reddy -- Intracranial metastases / Mary Welch and Thomas J. Kaley -- Spinal cord compression / Melike Mut -- Leptomeningeal metastases / Sean Grimm and Marc Chamberlain -- Immune mediated paraneoplastic neurologic disorders : an overview / Myrna R. Rosenfeld and Josep Dalmau -- Neurotoxicity of radiation therapy and chemotherapy / Eudocia C. Quant Lee. 
588 |a Description based on print version record. 
650 1 2 |a Central Nervous System Neoplasms.  |0 https://id.nlm.nih.gov/mesh/D016543 
650 0 |a Brain  |x Tumors.  |0 http://id.loc.gov/authorities/subjects/sh85016351 
650 0 |a Central nervous system  |x Tumors.  |0 http://id.loc.gov/authorities/subjects/sh85021914 
650 7 |a HEALTH & FITNESS / Diseases / Cancer.  |2 bisacsh 
650 7 |a MEDICAL / Oncology.  |2 bisacsh 
655 7 |a Electronic books.  |2 local 
700 1 |a Packer, Roger J.,  |d 1951-  |0 http://id.loc.gov/authorities/names/n88290640 
700 1 |a Schiff, David,  |d 1959-  |0 http://id.loc.gov/authorities/names/n2002133467 
776 0 8 |i Print version:  |t Neuro-oncology.  |b 1st ed.  |d Chichester, West Sussex : Wiley-Blackwell, 2012  |z 9780470655757  |w (DLC) 2011044220  |w (OCoLC)713583531 
830 0 |a Neurology in practice (Series)  |0 http://id.loc.gov/authorities/names/n2011181452 
830 0 |a Wiley Online Library. 
856 4 0 |u http://proxy.library.tamu.edu/login?url=https://dx.doi.org/10.1002/9781118321478  |z Connect to the full text of this electronic book  |t 0 
948 |a cataloged  |b h  |c 2012/5/22  |d c  |e jlanham  |f 5:02:45 pm 
994 |a C0  |b TXA 
999 |a MARS 
999 f f |s e741af51-1112-37b2-8a06-8072547084ea  |i ec720cfd-a2c9-34b5-b2bc-fab7fd21a8be  |t 0 
952 f f |a Texas A&M University  |b College Station  |c Electronic Resources  |d Available Online  |t 0  |e RC280.N43 N48 2012eb  |h Library of Congress classification 
998 f f |a RC280.N43 N48 2012eb  |t 0  |l Available Online